[Event "IPCA Wch 19th"]
[Site "Ruzomberok"]
[Date "2019.07.03"]
[Round "6"]
[White "Gerasimova, Svetlana"]
[Black "Spirka, Jan"]
[Result "1-0"]
[WhiteElo "1913"]
[BlackElo "1366"]
[PlyCount "103"]
[EventDate "2019.06.28"]
[EventType "swiss"]
[EventRounds "9"]
[EventCountry "SVK"]
[SourceTitle "CBM 191 Extra"]
[Source "ChessBase"]
[SourceDate "2019.09.30"]
[SourceVersion "1"]
[SourceVersionDate "2019.09.30"]
[SourceQuality "1"]

1. e4 e6 2. d4 d6 3. Nc3 Nf6 4. Be3 Be7 5. f3 Bd7 6. Qd2 h6 7. 0-0-0 0-0 8. g4 Nh7 9. Kb1 Nc6 10. h4 a6 11. Qh2 f6 12. f4 Rf7 13. g5 Rf8 14. g6 b5 15. gxh7+ Kxh7 16. Nf3 b4 17. Ne2 Na5 18. Rg1 Nc4 19. Bc1 f5 20. Qg2 Rg8 21. Qg6+ Kh8 22. Ng5 Bxg5 23. hxg5 Qe8 24. gxh6 Qxg6 25. Rxg6 Kh7 26. Rxg7+ Rxg7 27. hxg7 Kxg7 28. exf5 exf5 29. Ng3 Kg6 30. Bxc4 a5 31. Rg1 Kf6 32. Nh5+ Ke7 33. Rg7+ Kd8 34. Rg8+ Be8 35. Ng7 Ke7 36. Rxe8+ Rxe8 37. Nxe8 Kxe8 38. Be6 Ke7 39. Bxf5 Kf6 40. Be4 Ke6 41. c3 bxc3 42. bxc3 d5 43. Bd3 c6 44. f5+ Kf6 45. Bf4 a4 46. Be5+ Kf7 47. f6 a3 48. Be2 Kg6 49. Kc2 Kf7 50. Bh5+ Kg8 51. f7+ Kf8 52. Bd6+ 1-0